000 00360nam a2200157 a 4500
008 190521s2008|||| d
100 1 _aCayce Edgar
245 1 0 _aLéčivá síla lásky
260 _aBratislava
_c2008
_bEko-konzult
250 _a1.vydanie
020 _a9788080790721
_c0
958 _aA
300 _a172s.
041 _acze
044 _aCZ
999 _c20691
_d20691